000 01119nam a22002777a 4500
999 _c114167
_d114167
003 dpl
005 20190226135448.0
008 190226b ||||| |||| 00| 0 eng d
010 _aB-043275, B-043297
020 _c195.00
035 _aB-043275, B-043297
037 _bCen Lib/Ret
040 _aDPL
_bHN
_c0
082 _a
_bकुलश्रे
100 _aकुलश्रेष्ठ, दीप्ति
_95721
245 _aबर्फ की झील :
_cदीप्ति कुलश्रेष्ठ
_bउपन्यास /
246 _aBarf ki jheel : upanyas /
_bby Deepti Kulshreshth
260 _aजोधपुर
_bराजस्थानी ग्रंथागार
_c2001
270 _aसोजती गेट
_bजोधपुर
_e342001
300 _a152पृ.
_c21सेमी(सजिल्द )
650 _aहिंदी साहित्य
_x
_z
_955650
650 _aहिंदी उपन्यास
_955651
650 _aHindi literature
_v
_955652
650 _aHindi novels
_955653
942 _2ddc
_cHN
_h
_mकुलश्रे